<?xml version="1.0" encoding="UTF-8"?>
<record
    xmlns:xsi="http://www.w3.org/2001/XMLSchema-instance"
    xsi:schemaLocation="http://www.loc.gov/MARC21/slim http://www.loc.gov/standards/marcxml/schema/MARC21slim.xsd"
    xmlns="http://www.loc.gov/MARC21/slim">

  <leader>01273nam a22002177a 4500</leader>
  <datafield tag="999" ind1=" " ind2=" ">
    <subfield code="c">58529</subfield>
    <subfield code="d">58529</subfield>
  </datafield>
  <controlfield tag="003">Ge_BSU</controlfield>
  <controlfield tag="005">20220525113618.0</controlfield>
  <controlfield tag="008">220525s2013    ge ||||| |||| 00| 0 geo d</controlfield>
  <datafield tag="020" ind1=" " ind2=" ">
    <subfield code="a">9789941107641</subfield>
  </datafield>
  <datafield tag="041" ind1=" " ind2=" ">
    <subfield code="a">geo</subfield>
  </datafield>
  <datafield tag="080" ind1=" " ind2=" ">
    <subfield code="a">657(075.8) &#x10EE;-25	</subfield>
  </datafield>
  <datafield tag="100" ind1=" " ind2=" ">
    <subfield code="a">&#x10EE;&#x10D0;&#x10E0;&#x10D0;&#x10D1;&#x10D0;&#x10EB;&#x10D4;, &#x10D4;&#x10DA;&#x10D4;&#x10DC;&#x10D4;</subfield>
    <subfield code="9">13836</subfield>
  </datafield>
  <datafield tag="245" ind1=" " ind2=" ">
    <subfield code="a">&#x10E4;&#x10D8;&#x10DC;&#x10D0;&#x10DC;&#x10E1;&#x10E3;&#x10E0;&#x10D8; &#x10D0;&#x10E6;&#x10E0;&#x10D8;&#x10EA;&#x10EE;&#x10D5;&#x10D0;:</subfield>
    <subfield code="b">&#x10E1;&#x10D0;&#x10EE;&#x10D4;&#x10DA;&#x10DB;&#x10EB;&#x10E6;&#x10D5;&#x10D0;&#x10DC;&#x10D4;&#x10DA;&#x10DD; /</subfield>
    <subfield code="c">&#x10D4;&#x10DA;&#x10D4;&#x10DC;&#x10D4; &#x10EE;&#x10D0;&#x10E0;&#x10D0;&#x10D1;&#x10D0;&#x10EB;&#x10D4;; &#x10E0;&#x10D4;&#x10D3;&#x10D0;&#x10E5;&#x10E2;&#x10DD;&#x10E0;&#x10D8;: &#x10D2;&#x10DD;&#x10E9;&#x10D0; &#x10D7;&#x10E3;&#x10D7;&#x10D1;&#x10D4;&#x10E0;&#x10D8;&#x10EB;&#x10D4;; &#x10D8;&#x10D5;&#x10D0;&#x10DC;&#x10D4; &#x10EF;&#x10D0;&#x10D5;&#x10D0;&#x10EE;&#x10D8;&#x10E8;&#x10D5;&#x10D8;&#x10DA;&#x10D8;&#x10E1; &#x10E1;&#x10D0;&#x10EE;&#x10D4;&#x10DA;&#x10DD;&#x10D1;&#x10D8;&#x10E1; &#x10D7;&#x10D1;&#x10D8;&#x10DA;&#x10D8;&#x10E1;&#x10D8;&#x10E1; &#x10E1;&#x10D0;&#x10EE;&#x10D4;&#x10DA;&#x10DB;&#x10EC;&#x10D8;&#x10E4;&#x10DD; &#x10E3;&#x10DC;&#x10D8;&#x10D5;&#x10D4;&#x10E0;&#x10E1;&#x10D8;&#x10E2;&#x10D4;&#x10E2;&#x10D8;.</subfield>
  </datafield>
  <datafield tag="264" ind1=" " ind2=" ">
    <subfield code="a">&#x10D7;&#x10D1;&#x10D8;&#x10DA;&#x10D8;&#x10E1;&#x10D8;:</subfield>
    <subfield code="b"> &#x10DB;&#x10D4;&#x10E0;&#x10D8;&#x10D3;&#x10D8;&#x10D0;&#x10DC;&#x10D8;, </subfield>
    <subfield code="c">2013.</subfield>
  </datafield>
  <datafield tag="300" ind1=" " ind2=" ">
    <subfield code="a">367 &#x10D2;&#x10D5;.;</subfield>
    <subfield code="b">29 &#x10E1;&#x10DB;.</subfield>
  </datafield>
  <datafield tag="653" ind1=" " ind2=" ">
    <subfield code="a">&#x10E4;&#x10D8;&#x10DC;&#x10D0;&#x10DC;&#x10E1;&#x10E3;&#x10E0;&#x10D8; &#x10D0;&#x10E6;&#x10E0;&#x10D8;&#x10EA;&#x10EE;&#x10D5;&#x10D0;.</subfield>
  </datafield>
  <datafield tag="653" ind1=" " ind2=" ">
    <subfield code="a">&#x10E1;&#x10D0;&#x10EE;&#x10D4;&#x10DA;&#x10DB;&#x10EB;&#x10E6;&#x10D5;&#x10D0;&#x10DC;&#x10D4;&#x10DA;&#x10DD;</subfield>
  </datafield>
  <datafield tag="700" ind1=" " ind2=" ">
    <subfield code="a">&#x10D7;&#x10E3;&#x10D7;&#x10D1;&#x10D4;&#x10E0;&#x10D8;&#x10EB;&#x10D4;, &#x10D2;&#x10DD;&#x10E9;&#x10D0;</subfield>
    <subfield code="e">&#x10E0;&#x10D4;&#x10D3;&#x10D0;&#x10E5;&#x10E2;&#x10DD;&#x10E0;&#x10D8;</subfield>
    <subfield code="9">1688</subfield>
  </datafield>
  <datafield tag="710" ind1=" " ind2=" ">
    <subfield code="a">&#x10D8;&#x10D5;&#x10D0;&#x10DC;&#x10D4; &#x10EF;&#x10D0;&#x10D5;&#x10D0;&#x10EE;&#x10D8;&#x10E8;&#x10D5;&#x10D8;&#x10DA;&#x10D8;&#x10E1; &#x10E1;&#x10D0;&#x10EE;&#x10D4;&#x10DA;&#x10DD;&#x10D1;&#x10D8;&#x10E1; &#x10D7;&#x10D1;&#x10D8;&#x10DA;&#x10D8;&#x10E1;&#x10D8;&#x10E1; &#x10E1;&#x10D0;&#x10EE;&#x10D4;&#x10DA;&#x10DB;&#x10EC;&#x10D8;&#x10E4;&#x10DD; &#x10E3;&#x10DC;&#x10D8;&#x10D5;&#x10D4;&#x10E0;&#x10E1;&#x10D8;&#x10E2;&#x10D4;&#x10E2;&#x10D8;</subfield>
    <subfield code="9">13837</subfield>
  </datafield>
  <datafield tag="942" ind1=" " ind2=" ">
    <subfield code="2">udc</subfield>
    <subfield code="c">BK</subfield>
  </datafield>
  <datafield tag="952" ind1=" " ind2=" ">
    <subfield code="0">0</subfield>
    <subfield code="1">0</subfield>
    <subfield code="2">udc</subfield>
    <subfield code="4">0</subfield>
    <subfield code="6">6570758_&#x10EE;25</subfield>
    <subfield code="7">0</subfield>
    <subfield code="9">91767</subfield>
    <subfield code="a">CPL</subfield>
    <subfield code="b">CPL</subfield>
    <subfield code="c">GEN</subfield>
    <subfield code="d">2022-05-25</subfield>
    <subfield code="g">23.00</subfield>
    <subfield code="o">657(075.8) &#x10EE;-25</subfield>
    <subfield code="p">62457</subfield>
    <subfield code="r">2022-05-25</subfield>
    <subfield code="t">62457</subfield>
    <subfield code="w">2022-05-25</subfield>
    <subfield code="y">BK</subfield>
    <subfield code="z">23 &#x10DA;.</subfield>
  </datafield>
  <datafield tag="952" ind1=" " ind2=" ">
    <subfield code="0">0</subfield>
    <subfield code="1">0</subfield>
    <subfield code="2">udc</subfield>
    <subfield code="4">0</subfield>
    <subfield code="6">6570758_&#x10EE;25</subfield>
    <subfield code="7">0</subfield>
    <subfield code="9">91769</subfield>
    <subfield code="a">CPL</subfield>
    <subfield code="b">CPL</subfield>
    <subfield code="c">GEN</subfield>
    <subfield code="d">2022-05-25</subfield>
    <subfield code="g">23.00</subfield>
    <subfield code="o">657(075.8) &#x10EE;-25</subfield>
    <subfield code="p">62458</subfield>
    <subfield code="r">2022-05-25</subfield>
    <subfield code="t">62458</subfield>
    <subfield code="w">2022-05-25</subfield>
    <subfield code="y">BK</subfield>
    <subfield code="z">23 &#x10DA;.</subfield>
  </datafield>
  <datafield tag="952" ind1=" " ind2=" ">
    <subfield code="0">0</subfield>
    <subfield code="1">0</subfield>
    <subfield code="2">udc</subfield>
    <subfield code="4">0</subfield>
    <subfield code="6">6570758_&#x10EE;25</subfield>
    <subfield code="7">0</subfield>
    <subfield code="9">91770</subfield>
    <subfield code="a">CPL</subfield>
    <subfield code="b">CPL</subfield>
    <subfield code="c">GEN</subfield>
    <subfield code="d">2022-05-25</subfield>
    <subfield code="g">23.00</subfield>
    <subfield code="o">657(075.8) &#x10EE;-25</subfield>
    <subfield code="p">62459</subfield>
    <subfield code="r">2022-05-25</subfield>
    <subfield code="t">62459</subfield>
    <subfield code="w">2022-05-25</subfield>
    <subfield code="y">BK</subfield>
    <subfield code="z">23 &#x10DA;.</subfield>
  </datafield>
  <datafield tag="952" ind1=" " ind2=" ">
    <subfield code="0">0</subfield>
    <subfield code="1">0</subfield>
    <subfield code="2">udc</subfield>
    <subfield code="4">0</subfield>
    <subfield code="6">6570758_&#x10EE;25</subfield>
    <subfield code="7">0</subfield>
    <subfield code="9">91771</subfield>
    <subfield code="a">CPL</subfield>
    <subfield code="b">CPL</subfield>
    <subfield code="c">GEN</subfield>
    <subfield code="d">2022-05-25</subfield>
    <subfield code="g">23.00</subfield>
    <subfield code="o">657(075.8) &#x10EE;-25</subfield>
    <subfield code="p">62460</subfield>
    <subfield code="r">2022-05-25</subfield>
    <subfield code="t">62460</subfield>
    <subfield code="w">2022-05-25</subfield>
    <subfield code="y">BK</subfield>
    <subfield code="z">23 &#x10DA;.</subfield>
  </datafield>
  <datafield tag="952" ind1=" " ind2=" ">
    <subfield code="0">0</subfield>
    <subfield code="1">0</subfield>
    <subfield code="2">udc</subfield>
    <subfield code="4">0</subfield>
    <subfield code="6">6570758_&#x10EE;25</subfield>
    <subfield code="7">0</subfield>
    <subfield code="9">91772</subfield>
    <subfield code="a">CPL</subfield>
    <subfield code="b">CPL</subfield>
    <subfield code="c">GEN</subfield>
    <subfield code="d">2022-05-25</subfield>
    <subfield code="g">23.00</subfield>
    <subfield code="o">657(075.8) &#x10EE;-25</subfield>
    <subfield code="p">62461</subfield>
    <subfield code="r">2022-05-25</subfield>
    <subfield code="t">62461</subfield>
    <subfield code="w">2022-05-25</subfield>
    <subfield code="y">BK</subfield>
    <subfield code="z">23 &#x10DA;.</subfield>
  </datafield>
  <datafield tag="952" ind1=" " ind2=" ">
    <subfield code="0">0</subfield>
    <subfield code="1">0</subfield>
    <subfield code="2">udc</subfield>
    <subfield code="4">0</subfield>
    <subfield code="6">6570758_&#x10EE;25</subfield>
    <subfield code="7">0</subfield>
    <subfield code="9">91773</subfield>
    <subfield code="a">CPL</subfield>
    <subfield code="b">CPL</subfield>
    <subfield code="c">GEN</subfield>
    <subfield code="d">2022-05-25</subfield>
    <subfield code="g">23.00</subfield>
    <subfield code="o">657(075.8) &#x10EE;-25</subfield>
    <subfield code="p">62462</subfield>
    <subfield code="r">2022-05-25</subfield>
    <subfield code="t">62462</subfield>
    <subfield code="w">2022-05-25</subfield>
    <subfield code="y">BK</subfield>
    <subfield code="z">23 &#x10DA;.</subfield>
  </datafield>
</record>
